| 000 | 00568 a2200181 4500 | ||
|---|---|---|---|
| 020 | _a0133957241 | ||
| 040 |
_aDLC _bDLC |
||
| 082 | 0 | 0 | _a621.381 |
| 100 | 1 | _aJohnson, Howard W. | |
| 245 | 1 | 0 |
_aHigh-speed digital design: a handbook of black magic _ba handbook of black magic _cHoward W. Johnson, Martin Graham. |
| 260 |
_aDelhi. : _bPearson Education, _cc1993. |
||
| 300 |
_axi, 447 p. : _bill. ; _c25 cm. |
||
| 500 | _aIncludes index. | ||
| 650 | 0 | _aDigital electronics. | |
| 650 | 0 | _aLogic design. | |
| 700 | 1 |
_aGraham, Martin, _d1926- |
|
| 942 |
_cBK _k621.381 JOH _2ddc |
||
| 999 |
_c8027 _d8027 |
||